Państwa Świata z uznanymi przez Jetpunk skrótami - Statystyki

Ogólne statystyki
  • Ten quiz został rozwiązany 420 razy
  • Średni wynik to 5 z 10
Odpowiedzi na mapie
Odpowiedzi zakodowano w zielono-czerwonej skali na mapie do tego quizu, zgodnie z poniższymi procentami.
 
Statystyki odpowiedzi
Kraj (pełna nazwa) Skrót % Poprawnych
Stany Zjednoczone (United States of America) USA
87%
Republika Południowej Afryki RPA
76%
Zjednoczone Emiraty Arabskie ZEA
58%
Demokratyczna Republika Konga DRK
57%
Republika Środkowoafrykańska RSA
52%
Wybrzeże Kości Słoniowej WKS
50%
Republika Zielonego Przylądka RZP
43%
Papua-Nowa Gwinea PNG
37%
Korea Północna (Koreańska Republika Ludowa) KRL
16%
Chiny (Chińska Republika Ludowa) CHRL
11%
Nie znaleziono quizów pasujących do podanych kryteriów
Rozkład punktacji
Procent ludzi z każdym wynikiem
Percentyl według liczby udzielonych odpowiedzi
Twoja historia wyników
Nie rozwiązałeś tego quizu